01089naa#a2200229#i#4500001001600000005001700016011001400033100004100047102000700088200024100095210015700336215001000493608004500503700005200548700002600600700006400626700003600690700003600726700002400762700005600786856001700842RU\\bibl\12173820260501203410.5##a3034-4689##a20260424b2026####ek#y0rusy0150####ca##aRU1#aИСПОЛЬЗОВАНИЕ ОСТАТКА ПРОЦЕССА ВИСБРЕКИНГА В КАЧЕСТВЕ КОМПОНЕНТА СЫРЬЯ ДЛЯ ПРОИЗВОДСТВА ОКИСЛЕННЫХ БИТУМОВeЖурнальная статья1#aКазаньcКазанский национальный исследовательский технологический университетd2026##a5 с.##aЖурнальная статья2local#1aСадыковgДанияр Шамилевич#1aВагаповgБ Р#1aЕмельянычеваgЕлена Анатольевна#1aПустынниковgА. Ю.#1aХасанзяноваgЛ. В.#1aКукинgА. С.#1aБашкирцеваgНаталья Юрьевна4#avestniktu.ru